000 00647nam a2200193Ia 4500
003 GCL
008 140319s9999 xx 000 0 ara d
020 _a3941 0258
040 _aGCL /
_cGCL
082 0 4 _aد
_b050
_bو ع
245 1 0 _aالعربى ديسمبر 2005( بغداد احزان الشوارع )
250 _aالاولى
260 _aالكويت :
_bوزارة الاعلام بدولة الكويت ،
_c2005
650 0 4 _aالفن التشكيلى
650 0 4 _aبغداد - الرأى العام
650 0 4 _aبغداد - الاحوال الاجتماعية
650 0 4 _aالفساد الاقتصادى
942 _2ddc
_cCR
999 _c7752
_d7752